| 000 | 00669nam a2200229 a 4500 | ||
|---|---|---|---|
| 001 | BRCA_4135 | ||
| 005 | 20190320204545.0 | ||
| 008 | 140410s1882----fr-#######---#000-0#fre-# | ||
| 041 | _afre | ||
| 044 | _afr | ||
| 050 | 4 |
_aF3063 _b.R63 1882 |
|
| 100 | 1 |
_aRobiano, Eugène de _910675 |
|
| 245 | 1 | 0 |
_aChili, le Chili, l´Araucanie, le Détroit de Magellan et Retour par le Senégal _cpar le comte Eugène de Robiano. |
| 260 |
_aParis _bE. Plon _c1882 |
||
| 300 |
_a267 p. _c18 cm. |
||
| 500 | _aIncluye tabla de materias | ||
| 500 | _aC163 | ||
| 650 | 1 | 4 |
_aViajeros franceses _97982 |
| 651 | 4 |
_aChile _xDescripción y viajes _99691 |
|
| 902 | _aGFM | ||
| 942 |
_2lcc _cB |
||
| 999 |
_c3851 _d3851 |
||